LEADER 01619nam a2200277 u 4500 001 000000109173 003 CaOOAMICUS 005 20080122141518.0 008 080122s2006 it u000 u ita u 020 $a88-495-1248-1 040 $aPUL$bita$dBc 245 00$aTradizione romanistica e Costituzione /$cdiretto da Luigi Labruna ; a cura di Maria Pia Baccari e Cosimo Cascione. 260 $aNapoli :$bEdizioni scientifiche italiane,$cc2006. 300 $a2 v. ;$c25 cm. 490 1 $aCinquanta anni della Corte costituzionale della Repubblica italiana ;$v1. 500 $aSul front.: Consorzio interuniversitario Gérard Boulvert per lo studio della civiltà giuridica europea e la storia dei suoi ordinamenti. 700 1 $aCascione, Cosimo.$0(OLS)http://pul/name/66858 700 1 $aBaccari, Maria Pia.$0(OLS)http://pul/name/66857 700 1 $aLabruna, Luigi,$d1937-$0(OLS)http://pul/name/5414 830 0$aCinquanta anni della Corte costituzionale della Repubblica italiana ;$v1.$0(OLS)http://pul/title/135471 850 $aPUL 852 $aPUL$W1$xSL Diritto e Scienze Sociali 3$y79$m342. 45 CORTE 1.1,1$j124747$av. 1,1$qDDC 21$B123493$CPULBib$Z2$F123493 $H106178 $82 852 $aPUL$W1$xSL Diritto e Scienze Sociali 3$y79$m342. 45 CORTE 1.1,2$j124748$av. 1,2$qDDC 21$B123494$CPULBib$Z2$F123494 $H106179 $82 996 $6020$a88-495-1248-1$9(OLS)http://pul/number/136788 996 $6245$aTradizione romanistica e Costituzione$9(OLS)http://pul/title/137352 996 $6260$aNapoli :$bEdizioni scientifiche italiane$9(OLS)http://pul/publisher/48388 LEADER 01107nam a2200265 a 4500 001 000000123134 003 CaOOAMICUS 005 20100930092845.0 008 100929t2010 is u000 u eng r 040 $aPUL$bita 082 04$a262.142 100 1 $aCaputa, Giovanni.$0(OLS)http://pul/name/77455 245 10$aPriest of Christ :$bin the Church for the world /$cGiovanni Caputa - Julian Fox. 260 $aJerusalem :$bStudium theologicum Salesianum,$c2010. 300 $axxiv, 239 p. ;$c24 cm 504 $aBibliografia in nota. 650 4$aSacerdozio$xStudi.$0(OLS)http://pul/subject/25928 700 1 $aFox, Julian,$d1945-$0(OLS)http://pul/name/77490 850 $aPUL 852 $aPUL$W1$xDP2 Religione 3$y114$m262. 142 CAPGI 1$j141616$qDDC 21$B140645$CPULBib$Z2$F140645 $H114035 $82 941 1 $a9 996 $6082$a262.142$9(OLS)http://pul/classification/580 996 $6245$aPriest of Christ :$bin the Church for the world$9(OLS)http://pul/title/155181 996 $6260$aJerusalem :$bStudium theologicum Salesianum$9(OLS)http://pul/publisher/80966